000 00455cam a2200181ua 4500
020 _a81 7029 660 9
041 _aeng
_h
082 _a005.133
_bSOC/VI
100 _aSocha, John .
245 _aVisual basic 4.0 for windows 95 /
_cJohn socha.
_hTextual Documents
250 _a1 /
_b.
260 _aNew Delhi :
_bB P B Publishers ,
_c1995.
300 _a496 ; .
504 _a
700 1 _aHall, Devra .
942 _cBK
999 _c10065
_d10065